Statistics for Biggest cities in Texas

Click here to take the quiz!

General Stats

  • This quiz has been taken 79 times
  • The average score is 12 of 20

Answer Stats

Hint Answer % Correct
2,239,558Houston
100%
1,281,047Dallas
100%
912,791Austin
97%
1,436,697San Antonio
96%
812,238Fort Worth
96%
697,036El Paso
89%
320,434Corpus Christi
69%
197,254Amarillo
63%
243,839Lubbock
57%
383,204Arlington
57%
278,480Plano
53%
183,046Brownsville
53%
252,309Laredo
46%
232,406Irving
39%
235,501Garland
32%
153,887Pasadena
32%
156,767McKinney
25%
145,035Frisco
21%
144,416Mesquite
19%
185,453Grand Prairie
18%

Score Distribution

Percentile by Number Answered

Percent of People with Each Score

Your Score History

You have not taken this quiz